Score 0/24 Timer 03:00
0 Plays Today
Clue 4-Letter Word % Correct
🚩 Game played on a course 🚩GOLF
99.5%
Large wild canineWOLF
96.9%
Sound made by a dogWOOF
95.9%
Twelve inchesFOOT
93.9%
Cowboy's footwearBOOT
93.7%
Meat, fruit, vegetables, grains, etc.FOOD
92.6%
Small shipBOAT
91.8%
American cereal: Raisin ___BRAN
91.2%
🚩 Club used for long shots 🚩WOOD
90.8%
Henry or Harrison, e.g.FORD
90.3%
🚩 Club used for mid-length shots 🚩IRON
88.8%
Modern PersiaIRAN
88.4%
Clue 4-Letter Word % Correct
🚩 Small white projectile used in [rung 1] 🚩BALL
88%
German sausage, for shortBRAT
87.7%
Above averageGOOD
87.1%
🚩 Warning cry in [Rung 1] 🚩FORE
86.9%
🚩 Target in [Rung 1] 🚩HOLE
85.8%
Large banquet roomHALL
85.6%
Animated television showTOON
81.9%
Disney sci-fi movieTRON
80.9%
Tiresome personBORE
80.8%
Bully or thugGOON
80.8%
Strong and healthyHALE
79.5%
Tree trunkBOLE
75.4%

Today's Daily Dose

Remove Ads.
Support Sporcle.
Get the best of Sporcle when you Go Orange. This ad-free experience offers more features, more stats, and more fun while also helping to support Sporcle. Thank you for becoming a member.

You're not logged in!

Compare scores with friends on all Sporcle quizzes.
OR
Log In

Show Comments

Extras

Top Quizzes Today


Score Distribution

Your Account Isn't Verified!

In order to create a playlist on Sporcle, you need to verify the email address you used during registration. Go to your Sporcle Settings to finish the process.

Report this User

Report this user for behavior that violates our Community Guidelines.

Details: